000 00548nam a22001937a 4500
005 20250328145240.0
010 _aENG-144356
020 _a9788188965915
_c325.00
035 _aEN-127888
037 _bDBAD
082 _aN
_21
100 _aValliappan, Reshma
_980019
245 _aFallen, Standing;
_bMy life as a Schizophrenist/
_cReshma Valliappan
260 _aNew Delhi
_bWomen Unlimited
_c2015
270 _a7/10, FF, Sarvapriya Vihar
_bNew Delhi
_e110016
300 _a260 p.
_c22 cm.(Pb)
700 _976691
942 _2ddc
_cEN
_hN
_mVAL
999 _c210581
_d210581